| 000 | 00801nam a2200217 i 4500 | ||
|---|---|---|---|
| 001 | 19548 | ||
| 003 | ES-MaACL | ||
| 005 | 20230906152123.0 | ||
| 007 | t| | ||
| 008 | 021003s1882 sp ||||1| spa d | ||
| 080 | _a821.134.2-14"18" | ||
| 100 | 1 |
_aAbarzuza, Francisco de, _d1838-1910 _917971 |
|
| 245 | 1 | 3 |
_aEl divorcio entre dos almas _b: poema / _cFrancisco de Abarzuza ; con un prólogo de Urbano González Serrano. |
| 260 |
_aMadrid : _b[s.n.], _c1882 ( _fImp. Est. Tip. calle Real, 1) |
||
| 300 |
_aXXVIII, 68 p. ; _c14 cm. |
||
| 530 | _aDisponible en formato digital. | ||
| 700 | 1 |
_aGonzález Serrano, U., _d1848-1904 _958968 |
|
| 852 |
_aES-MaACL _jT-406-F-8 |
||
| 856 |
_uhttp://bdh-rd.bne.es/viewer.vm?id=0000074835&page=1 _zBiblioteca Digital Hispánica |
||
| 999 |
_c19548 _d19548 |
||